MARC

LEADER 00000nam1a2200000 4500
001 308440
005 20231102002108.0
020 |a RU  |b 83-24677 
035 |a (RuTPU)RU\TPU\book\333760 
090 |a 308440 
100 |a 20151102d1982 m y0rusy5003 ca 
101 0 |a arm 
200 1 |a Мальчик - подросток - юноша  |e пособие для учителей  |f А. Г. Хрипкова, Д. В. Колесов 
210 |a Москва  |c Просвещение  |d 1982 
215 |a 207 с. 
320 |a Библиогр.: с. 206 
606 1 |a Воспитание, теория  |2 stltpush  |3 (RuTPU)RU\TPU\subj\68634  |9 83830 
606 1 |a Половое воспитание  |2 stltpush  |3 (RuTPU)RU\TPU\subj\50543  |9 69198 
610 1 |a мужчины 
610 1 |a школьная педагогика 
610 1 |a гигиена 
610 1 |a здоровье 
610 1 |a подростки 
610 1 |a юноши 
610 1 |a физическое воспитание 
610 1 |a вредные привычки 
610 1 |a венерические заболевания 
610 1 |a предупреждение 
610 1 |a учебные пособия 
675 |a 613.8(07)  |v 3 
686 |a Ч421.3я7  |2 rubbk 
700 1 |a Хрипкова  |b А. Г.  |g Антонина Георгиевна  |4 070 
701 1 |a Колесов  |b Д. В.  |g Дмитрий Васильевич  |4 070 
801 0 |a RU  |b RuMRKP  |c 19950704  |g psbo 
801 1 |a RU  |b 63413507  |c 20151102 
801 2 |a RU  |b 63413507  |c 20191008  |g RCR 
942 |c BK